000
00310nam a22001217a 4500
040
_c
HS
082
_a
307
100
_a
BLESILDA M. CALUB
245
_a
ការវាយតំលៃជនបទតាមបែបចូលរួម
260
_a
Germany
_b
BLESILDA M. CALUB
_c
2003
300
_a
86p;
942
_c
KB
999
_c
9751
_d
9751